| 000 | 00584nam a2200169 i 4500 | ||
|---|---|---|---|
| 001 | 166867 | ||
| 003 | ES-MaACL | ||
| 005 | 20230906213423.0 | ||
| 008 | 050920s1860 sp |||| | spa d | ||
| 100 | 1 |
_aValcárcel, Antonio. _9112467 |
|
| 245 | 1 | 0 |
_aArte de aprender y enseñar a escribir la letra española / _cpor Antonio Valcárcel. |
| 260 |
_aMadrid : _b[s.n.], _c1860 ( _fImp. de Victoriano Hernando) |
||
| 300 |
_a26 p. ; _c22 cm. |
||
| 650 | 4 |
_aCaligrafía. _910684 |
|
| 752 |
_aEspaña - _dMadrid |
||
| 852 |
_aES-MaACL _jFol-Laf-411 _z- Sin enc. _z. - Legado M. de la Fuente |
||
| 999 |
_c166867 _d166867 |
||